000 00614nam a2200193 i 4500
001 145689
003 ES-MaACL
005 20251012173944.0
007 t|
008 071016s1967 sp ||||1| spa d
080 _a92(Benincasa, Ursula)
100 1 _aVeny Ballester, Antonio.
_9113931
245 1 0 _aUrsula Benincasa o una experiencia de Dios /
_cAntonio Veny Ballester.
260 _aZaragoza :
_b[s.n.],
_c1967 (
_fTall. Ed. El Noticiero)
300 _a343 p. :
_bil. ;
_c21 cm.
600 0 4 _aBenincasa, Orsola,
_dca. 1550-1618
_927593
852 _aES-MaACL
_jC-33491
_bR.64185
999 _c145689
_d145689